| 000 | 00698nam a22001577a 4500 | ||
|---|---|---|---|
| 003 | OSt | ||
| 005 | 20151216094836.0 | ||
| 008 | 151216b xxu||||| |||| 00| 0 eng d | ||
| 040 | _cRUA | ||
| 082 | _aAED NGE 2007 B226 Or.1 | ||
| 100 |
_94892 _aNGET, SOPHANNY. |
||
| 245 | _athe study on rice-seed marketing of aqip seed company in kampong leav district, prey veng province (ការសិក្សាទីផ្សារពូជស្រូវរបស់ក្រុមហ៊ុនអេគីបស៊ីដ ក្នុងស្រុកកំពង់លាវ ខេត្តព្រៃវែង) | ||
| 260 |
_aPhnom Penh _bRUA _c2007 |
||
| 300 |
_aviii, 60p _bill. _c29cm. |
||
| 942 |
_2ddc _cAED |
||
| 999 |
_c4545 _d4545 |
||